Les 20 préfectures les plus proches de Vesoul - Statistiques

Statistiques générales
  • Ce quiz a été pris 115 fois
  • Le résultat moyen est 16 sur 20
Statistiques - réponses
distance (en km) ville préfecture % Correct
231 Lyon
95%
90 Dijon
94%
160 Strasbourg
93%
53 Belfort
92%
44 Besancon
92%
167 Metz
89%
120 Nancy
88%
195 Auxerre
86%
103 Colmar
86%
172 Troyes
85%
66 Epinal
84%
173 Bourg en Bresse
80%
115 Lons le Saunier
80%
178 Macon
77%
237 Nevers
77%
199 Chalons en Champagne
76%
192 Annecy
75%
229 Chambery
67%
93 Chaumont
67%
244 Moulins
58%
Aucun quiz correspondant
Distribution des résultats
% des personnes avec chaque résultat
Percentile par nombre de réponses
Votre historique - résultats
Vous n’avez pas pris ce quiz